Pokemon 3G - Statistiques

Statistiques générales
  • Ce quiz a été pris 11 947 fois
    11 945 depuis la dernière actualisation
  • Le résultat moyen est 95 sur 135
Statistiques - réponses
Hint Réponse % Correct
1 Arcko
98%
4 Poussifeu
98%
6 Brasegali
97%
7 Gobou
97%
5 Galifeu
96%
132 Groudon
95%
3 Jungko
95%
131 Kyogre
95%
9 Laggron
95%
2 Massko
95%
8 Flobio
93%
133 Rayquaza
93%
135 Deoxys
87%
10 Medhyena
87%
12 Zigzaton
87%
14 Chenipotte
86%
11 Grahyena
86%
13 Lineon
86%
15 Armulys
85%
26 Heledelle
85%
134 Jirachi
85%
25 Nirondelle
85%
17 Blindalys
84%
18 Papinox
84%
16 Charmillon
83%
129 Latias
83%
130 Latios
83%
127 Regice
83%
126 Regirock
83%
128 Registeel
83%
122 Drattak
82%
31 Gardevoir
82%
29 Tarsal
82%
30 Kirlia
81%
125 Metalosse
81%
72 Camerupt
80%
59 Elecsprint
79%
124 Metang
79%
58 Dynavolt
78%
123 Terhal
78%
28 Bekipan
77%
20 Lombre
77%
21 Ludicolo
77%
19 Nenupiot
77%
24 Tengalice
77%
71 Chamallot
76%
27 Goelise
76%
22 Grainipiot
76%
38 Monaflemit
76%
23 Pifeuil
76%
68 Sharpedo
76%
53 Galekid
75%
55 Galeking
75%
36 Parecool
75%
54 Galegon
74%
61 Negapi
74%
60 Posipi
74%
79 Libegon
73%
37 Vigoroth
73%
70 Wailord
73%
83 Altaria
72%
98 Barpau
72%
46 Hariyama
72%
99 Milobellus
72%
69 Wailmer
72%
67 Carvanha
71%
73 Chartor
71%
120 Drabby
70%
121 Drackhaus
70%
77 Kraknoix
70%
82 Tylton
70%
45 Makuhita
69%
87 Solaroc
69%
86 Seleroc
68%
97 Armaldo
67%
103 Branette
67%
57 Charmina
67%
94 Lilia
67%
78 Vibraninf
67%
42 Chuchmur
66%
48 Tarinor
66%
114 Kaimorse
65%
111 Oniglali
65%
104 Skelenox
65%
105 Teraclope
65%
106 Tropius
65%
96 Anorith
64%
34 Balignon
64%
44 Brouhabam
64%
35 Chapignon
64%
115 Coquiperl
64%
112 Obalie
64%
102 Polichombr
64%
116 Serpang
64%
110 Stalgamin
64%
51 Tenefix
64%
113 Phogleur
63%
43 Ramboum
63%
118 Relicanth
63%
85 Seviper
63%
84 Mangriff
62%
117 Rosabyss
62%
108 Absol
61%
95 Vacylis
61%
41 Munja
58%
40 Ninjask
58%
76 Spinda
58%
92 Balbuto
57%
93 Kaorine
57%
80 Cacnea
56%
81 Cacturne
56%
52 Mysdibule
56%
39 Ningale
56%
49 Skitty
56%
50 Delcatty
55%
101 Kecleon
55%
32 Arakdo
53%
119 Lovdisc
53%
100 Morpheo
53%
64 Roselia
53%
56 Medittika
51%
33 Maskadra
50%
66 Avaltout
49%
65 Gloupti
49%
47 Azurill
48%
90 Ecrapince
48%
63 Lumivole
46%
91 Colhomard
45%
107 Eoko
45%
62 Muciole
45%
74 Spoink
44%
89 Barbicha
43%
109 Okeoke
43%
88 Barloche
42%
75 Groret
42%
Aucun quiz correspondant
Distribution des résultats
% des personnes avec chaque résultat
Percentile par nombre de réponses
Votre historique - résultats
Vous n’avez pas pris ce quiz depuis la dernière actualisation